Denmark in Eurovision (1957-2025) - Statistics

General Stats
  • This quiz has been taken 9 times
  • The average score is 25 of 54
Answer Stats
Year Song title Result % Correct
2023 Breaking My Heart 14 (SF)
80%
2014 Cliche Love Song 9
80%
1963 Dansevise 1
80%
2000 Fly on the Wings of Love 1
80%
2025 Hallucination 23
80%
2018 Higher Ground 9
80%
2010 In a Moment like This 4
80%
2019 Love Is Forever 12
80%
2001 Never Ever Let You Go 2
80%
2011 New Tomorrow 5
80%
2013 Only Teardrops 1
80%
2021 Øve os på hinanden 11 (SF)
80%
2024 Sand 12 (SF)
80%
2012 Should've Known Better 23
80%
2016 Soldiers of Love 17 (SF)
80%
2022 The Show 13 (SF)
80%
2015 The Way You Are 13 (SF)
80%
2017 Where I Am 20
80%
2020 Yes N/A
80%
2008 All Night Long 15
60%
2009 Believe Again 13
60%
2004 Shame on You 13 (SF)
60%
2005 Talking to You 9
60%
2002 Tell Me Who You Are 24
60%
2006 Twist of Love 18
60%
1961 Angelique 5
40%
1979 Disco Tango 6
40%
2007 Drama Queen 19 (SF)
40%
1990 Hallo Hallo 8
40%
1957 Skibet skal sejle i nat 3
40%
1999 This Time I Mean It 8
40%
1989 Vi maler byen rød 3
40%
1978 Boom Boom 16
20%
1984 Det' lige det 4
20%
1960 Det var en yndig tid 10
20%
1987 En lille melodi 5
20%
1995 Fra Mols til Skagen 5
20%
1958 Jeg rev et blad ud af min dagbog 8
20%
1988 Ka' du se hva' jeg sa 3
20%
1983 Kloden drejer 17
20%
1981 Krøller eller ej 11
20%
1991 Lige der hvor hjertet slår 19
20%
1985 Sku' du spørg' fra no'en 11
20%
1997 Stemmen i mit liv 16
20%
1966 Stop – mens legen er go' 14
20%
1959 Uh, jeg ville ønske jeg var dig 5
20%
1993 Under stjernerne på himlen 22
20%
1982 Video-Video 17
20%
1962 Vuggevise 10
20%
1992 Alt det som ingen ser 12
0%
1986 Du er fuld af løgn 6
0%
1965 For din skyld 7
0%
1964 Sangen om dig 9
0%
1980 Tænker altid på dig 14
0%
No matching quizzes found
Score Distribution
Percent of People with Each Score
Percentile by Number Answered
Your Score History
You have not taken this quiz